| 000 | 01531nam0a2200385 4500 | ||
|---|---|---|---|
| 001 | RU\NLR\bibl\241855 | ||
| 005 | 20260406025936.0 | ||
| 010 |
_a5-93517-022-2 _95000 |
||
| 021 |
_aRU _b2001-45382 _92166 |
||
| 035 | _a(NLR Aleph) 000237731 | ||
| 090 |
_a1384829 _c1384829 |
||
| 100 | _a20020305d2001 |||y0rusy50 ca | ||
| 101 | 0 | _arus | |
| 102 | _aRU | ||
| 105 | _aa ||||||||| | ||
| 200 | 1 |
_aЦветные телевизоры _eПособие по ремонту _fС.А. Ельяшкевич, А.Е. Пескин |
|
| 210 |
_aМ. _cГорячая линия - Телеком _d2001 |
||
| 215 |
_a345 с. _cил. _d24 |
||
| 225 | 1 |
_aМассовая радиобиблиотека _eМРБ _vВып. 1246 |
|
| 300 | _aНа 2-й с. обл. 2-й авт. А.Е. Пескин - доц. | ||
| 320 | _aБиблиогр.: с. 345 (21 назв.) | ||
| 606 | 0 |
_aЦветные телевизоры _xРемонт _91967724 _3RU\NLR\auth\661188350 |
|
| 610 | 0 | _aТелевизоры цветные - Ремонт | |
| 675 |
_a621.397.446.004.67 _v3 _zrus |
||
| 686 |
_a49.45 _2rugasnti |
||
| 686 |
_a32.943-5-08 _2rubbk |
||
| 686 | _aЗ943-522-083 | ||
| 700 | 1 |
_aЕльяшкевич _bС. А. _gСамуил Абрамович _4070 |
|
| 701 | 1 |
_4070 _8rus _7ca _aПескин _bА. Е. _gАлександр Ефимович _3RU\NLR\auth\77341 _9110396 |
|
| 801 | 0 |
_aRU _bRKP _c20020305 _gPSBO |
|
| 801 | 1 |
_aRU _bRKP _c20020305 |
|
| 801 | 2 |
_aRU _bNLR _c20021021 _grcr |
|
| 942 | _cBOOK | ||
| 980 | _aNB | ||